000 02345nam0a2200337 4500
001 RU\NLR\bibl\822005
005 20260407143725.0
010 _a5-246-00765-0
021 _aRU
_b2005-6615
_9338
035 _a(NLR Aleph) 000810916
090 _a1240612
_c1240612
100 _a20050720d2004 |||y0rusy50 ca
101 0 _arus
102 _aRU
105 _aa |||||||||
200 1 _aБизнес-карта 2004. [Промышленность. Отрасль. Деловые справочники]. Т. 28
_iПриборостроение. Радиотехничекая промышленность. Аппаратура и оборудование связи. Приборы. КИПиА. Ауудио- и видеотехника. Вычислительная техника. Оргтехника. Россия и другие страны СНГ
_fАгентство деловой информ. [Бизнес-карта]
210 _aМосква
_cАгентство Деловой Информации "Бизнес-карта"
_d2004
215 _a630,[1] с.
_cил.
_d21
300 _aНа обл. част. загл. тома в незначит. изм. виде
320 _aАлф. указатели: по видам продукции и услог, по видам сырья и материалов, использ. предприятиями, предприятий по обл., краям, респ.: с. 23-118
512 0 _aПриборостроение. Радиотехника. Аппаратура связи. Аудио- и видеотехника. Приборы. КИПиА. Вычислительная техника. Оргтехника. СНГ
606 1 _aПриборостроительная промышленность
_jБизнес-карты
_yСтраны СНГ
_92203214
_3RU\NLR\auth\661323852
606 1 _aРадиотехническая промышленность
_jБизнес-карты
_yСтраны СНГ
_92203220
_3RU\NLR\auth\661323855
686 _aУ30(2)585.151.5я2
686 _aУ30(2)585.151.3я2
712 0 2 _4570
_a"Бизнес-карта", агентство деловой информации
_cМосква
_3RU\NLR\AUTH\8810016251
_9530346
801 0 _aRU
_bNLR
_c20050720
_grcr
801 1 _aRU
_bNLR
_c20050720
942 _cBOOK
980 _aNB